01130nam a2200277 a 450000100060000000300090000600800410001502000150005604000280007108200170009911000680011624501680018425000060035226000870035830000100044549000170045565000300047265000290050265000330053165000370056465000380060165000320063994200120067199900170068395201520070012987CO-ViMGA141112s2004 ck r 000 u spa d a958961664X aCO-ViMGAbspacCO-ViMGA04a370.78 S471m aSeminario Internacional la investigación en la escuela91896010aMemorias del seminario internacional la investigación en la escuela : bPrograma de fortalecimiento de la capacidad cientifica en la Educación Básica y Media a1 aSantafé de Bogotá : bUniversidad Nacional de Colombia, cPrograma RED, c1998 a183p. aPrograma RED14aeducación BASICA91023714aeducación MEDIA91896114aFORMACION DE DOCENTES91896214aInvestigación EDUCATIVA95093814aInvestigación EN EL AULA91896314aPROCESOS PEDAGOGICOS918964 2ddccBK c23885d23885 00102ddc40708003aMEVIECARbMEVIECARd2015-12-04hVolumen. 1 | 11/jun/2009l0o370.78 S471m p12987r2015-12-04 00:00:00tEj. 1w2015-12-04yBK